000 00597nam a2200217Ia 4500
003 OSt
005 20250801093607.0
008 210719s2008 xx 000 0 und d
040 _cAL
041 _aKannada
082 _aK894.3 PARY
100 _aPARVATI (H S)
_dಪಾರ್ವತಿ (ಹೆಚ್ ಎಸ್)
_9233616
245 _aYugapurusha
_bಯುಗಪುರುಷ
260 _aBengaLUru
_bSamartha
_c2008
300 _aviii,208
_bPB
365 _b120
_cRs
650 _aKannada Fiction
_9233617
650 _aKannada literature
_9233618
906 _aYugapuruSha
942 _2ddc
_cBK
999 _c215324
_d215324